000
00269nam a2200109Ia 4500
005
20251222152635.0
008
251222s9999||||xx |||||||||||||| ||spa||
082
_a
005.6/T11
100
_a
Tabernero, Pedro
245
0
_a
Grafimática Imágenes por Ordenador
942
_c
LIB
999
_c
27879
_d
27879